LEADER 01244nam a2200265 i 4500 001 000000052909 003 CaOOAMICUS 005 20120210000000.0 008 120210s1967 it u000 u ita u 013 $a24081 040 $aSeMil$bita 100 1 $aZimmern, Alfred.$0(OLS)http://semarc/name/26118 245 13$aIl Commonwealth greco :$bpolitica ed economia nell'Atene del 5. secolo /$cAlfred Zimmern ; traduzione di Anna Maria Targioni Violani. 260 $aMilano :$bIl Saggiatore,$c1967. 300 $a489 p. ;$c21 cm. 490 0 $aLa cultura. Biblioteca storica dell'antichità ;$v3 650 4$aAtene.$0(OLS)http://semarc/subject/7932 650 4$aGrecia antica - Storia.$0(OLS)http://semarc/subject/114 700 1 $aTargioni Violani, Anna Maria.$0(OLS)http://semarc/name/26119 830 3$aLa cultura. Biblioteca storica dell'antichità ;$v3.$0(OLS)http://semarc/title/7272 850 $aSeMil 852 $aSeMil$W1$xVenegono$y1$m3S II 274$j19063$B19063$CSeMilBibl$Z2$F19065 $81 961 $aOmaggio: Agenzia internazionale 996 $6245$aIl Commonwealth greco :$bpolitica ed economia nell'Atene del 5. secolo$9(OLS)http://semarc/title/81358 996 $6260$aMilano :$bIl Saggiatore$9(OLS)http://semarc/publisher/30255 LEADER 00507nas a2200169 i 4500 001 000000194022 003 CaOOAMICUS 005 20101125000000.0 008 101125b1895 it uu u0 0ita r 013 $a172668 040 $aSeMil$bita 245 10$a[1895 :$b1]. 774 0 $t[Gennaio-Giugno].$w()274037 850 $aSeMil 852 $aSeMil$W1$xVenegono$y1$m111 2 16$j144596$B144596$CSeMilBibl$Z2$F156896 $82 961 $aRecupero: Scuola Cattolica 996 $6245$a[1895 :$b1]$9(OLS)http://semarc/title/279702